[Event "South African op"]
[Site "Durban"]
[Date "2017.07.16"]
[Round "4"]
[White "Manganyi, Ephic"]
[Black "Mahomole, Mahlodi J"]
[Result "0-1"]
[WhiteElo "1582"]
[BlackElo "1676"]
[PlyCount "136"]
[EventDate "2017.07.14"]
[EventType "swiss"]
[EventRounds "11"]
[EventCountry "RSA"]
[SourceTitle "EXT 2018"]
[Source "ChessBase"]
[SourceDate "2017.10.13"]
[SourceVersion "1"]
[SourceVersionDate "2017.10.13"]
[SourceQuality "1"]

1. e4 e6 2. d4 d5 3. e5 c5 4. c3 Nc6 5. Nf3 Qb6 6. Bd3 cxd4 7. cxd4 Bd7 8. Bc2 Rc8 9. Nc3 Nge7 10. 0-0 Ng6 11. a3 Be7 12. Ne2 0-0 13. b4 f6 14. Bxg6 hxg6 15. exf6 gxf6 16. Qd3 Kf7 17. Bf4 Rh8 18. Bg3 Rcg8 19. Rac1 Bd8 20. Qe3 Ne7 21. Qf4 Nf5 22. Rfe1 g5 23. Qg4 Nxg3 24. Qxg3 Be7 25. Qc7 g4 26. Qxb6 axb6 27. Nd2 Bd6 28. g3 Rh3 29. Kg2 e5 30. f3 gxf3+ 31. Nxf3 e4 32. Nfg1 Rh5 33. h3 f5 34. Rf1 Ke7 35. Nf4 Rhg5 36. Rc3 Bb5 37. Rf2 Bd3 38. g4 fxg4 39. h4 g3 40. Rb2 Bf1+ 41. Kxf1 Rf5 42. Ngh3 Bxf4 43. Nxf4 Rxf4+ 44. Kg2 Rxh4 45. Rxg3 Rxg3+ 46. Kxg3 Rh6 47. Kf4 Kd6 48. Kf5 Rh3 49. a4 Rf3+ 50. Kg4 Rd3 51. Rh2 Rxd4 52. Rh6+ Kc7 53. a5 bxa5 54. bxa5 Ra4 55. Rh7+ Kd6 56. Rxb7 Rxa5 57. Kf4 Ra3 58. Rb6+ Kc5 59. Rb1 Rf3+ 60. Ke5 Kc4 61. Ra1 Rd3 62. Rc1+ Kb3 63. Rc8 e3 64. Kf4 e2 65. Re8 Rd2 66. Kf3 Kc2 67. Rxe2 Rxe2 68. Kxe2 d4 0-1